5HLuxD.jpg

KING HENRY VIII SENIOR AND PRIMARY SCHOOL LIBRARY OPAC

Percy Jackson and the battle of the labyrinth / (Record no. 700)

000 -LEADER
fixed length control field 01011cam a2200265 a 4500
001 - CONTROL NUMBER
control field (Sirsi) a948398
003 - CONTROL NUMBER IDENTIFIER
control field OSt
005 - DATE AND TIME OF LATEST TRANSACTION
control field 20191205090959.0
008 - FIXED-LENGTH DATA ELEMENTS--GENERAL INFORMATION
fixed length control field 130318r20132008enk c 000 1 eng
020 ## - INTERNATIONAL STANDARD BOOK NUMBER
International Standard Book Number 9780141346830
Qualifying information (pbk.) :
040 ## - CATALOGING SOURCE
Original cataloging agency StDuBDS
Language of cataloging eng
Transcribing agency StDuBDS
Modifying agency TAE
042 ## - AUTHENTICATION CODE
Authentication code nbic
082 0# - DEWEY DECIMAL CLASSIFICATION NUMBER
Classification number FIC RIO
100 1# - MAIN ENTRY--PERSONAL NAME
Personal name Riordan, Rick.
Relator term author
245 10 - TITLE STATEMENT
Title Percy Jackson and the battle of the labyrinth /
Statement of responsibility, etc. Rick Riordan.
260 ## - PUBLICATION, DISTRIBUTION, ETC.
Place of publication, distribution, etc. London :
Name of publisher, distributor, etc. Puffin,
Date of publication, distribution, etc. 2013.
300 ## - PHYSICAL DESCRIPTION
Extent 341 p. ;
Dimensions 20 cm.
440 ## - SERIES STATEMENT/ADDED ENTRY--TITLE
Title Percy Jackson
500 ## - GENERAL NOTE
General note Originally published: 2008.
520 ## - SUMMARY, ETC.
Summary, etc. When demonic cheerleaders invade his high school, Percy Jackson hurries to Camp Half Blood, from whence he and his demigod friends set out on a quest through the Labyrinth, while the war between the Olympians and the evil Titan lord Kronos draws near.
521 1# - TARGET AUDIENCE NOTE
Target audience note Ages 9-12.
650 #0 - SUBJECT ADDED ENTRY--TOPICAL TERM
Topical term or geographic name entry element Jackson, Percy (Fictitious character)
Form subdivision Juvenile fiction.
650 #0 - SUBJECT ADDED ENTRY--TOPICAL TERM
Topical term or geographic name entry element Gods, Greek
Form subdivision Juvenile fiction.
942 ## - ADDED ENTRY ELEMENTS (KOHA)
Source of classification or shelving scheme
Koha item type Books - Fiction
Holdings
Withdrawn status Lost status Source of classification or shelving scheme Damaged status Not for loan Collection code Permanent Location Current Location Shelving location Date acquired Total Checkouts Total Renewals Full call number Barcode Date last seen Date last checked out Price effective from Koha item type
          Fiction KH8 Senior School Library KH8 Senior School Library Fiction 2019-12-05 3 1 FIC RIO 3KHSL000101430 2024-01-15 2022-09-29 2019-12-05 Books - Fiction

Powered By KH8 IT Dept